000 01675nam a2200361 c 4500
003 BLK
005 20200608121607.0
008 180410b bul|||||r ||||||| ||bul||
010 _aKNG00163761000
040 _aBLK
041 _aBUL
_cBUL
080 _aМеждународни политически отношения. Световна политика. Международна политика. Дипломация
_b327
_x(7/8)
_z327(7/8)
080 _aПолитическо влияние и натиск върху други държави
_b327.8
_x(73)
_z327.8(73)
100 1 _aУдуърд, Боб
_eпърви автор
_9333527
700 1 _aДимова, Елмира
_eпрев. от англ.
_9333528
139 _aУдуърд, Боб
_bУ 26
245 1 0 _aПелена
_bТайните войни на ЦРУ - 1981 - 1987
_cБоб Удуърд; прев. от англ. Елмира Димова.
257 _aUSA
260 София
_bПартиздат
_c1989
300 _a655 с.
_c20 см
380 _a3
500 _aОриг. загл. Vell : the secret wars of the CIA 1981-1987 / Bob Woodward ; Други прев. : Л. Дикова, Н. Капнилова. - Без тир.
650 4 _aШпионаж и диверсия
_9242689
650 4 _aЦентрално разузнавателно управление (ЦРУ)
_9177248
653 _aшпионаж
653 _aЦРУ
653 _aСАЩ
852 _aЦб 158640
856 4 _qpdf
_u
856 4 _qpdf
_u
942 _cKNG
_n0
_01
944 _aCR
_c25.07.2014
_l25.07.2014 - от С1,Р / 25.07.2014
_kРадостина_Карадакова
944 _aED
_c25.07.2014
_l25.07.2014 - от С1,Р / 25.07.2014
_k
999 _c156914
_d156914